| 000 | 00611nam a2200205Ia 4500 | ||
|---|---|---|---|
| 005 | 20250508154259.0 | ||
| 008 | 008 250505s9999 xx 000 0 eng d | ||
| 037 | _aTextual | ||
| 040 |
_aFEDL _beng _cFEDL |
||
| 041 |
_aeng _2eng |
||
| 084 |
_a370.973, BUT _qFEDL |
||
| 100 | _aButts R Freeman | ||
| 245 | 0 | _aAmerican education in international development | |
| 260 |
_aNew York, USA _bHarper and Row Publisher _c1963 |
||
| 300 | _axx,138p | ||
| 490 | _aThe John Dewey society lectureship series; 6 | ||
| 650 | _aEducation | ||
| 942 |
_cTEXL _h370.973, BUT |
||
| 999 |
_c1349338 _d1349338 |
||